蘭陽情緣

資料類型: Book 圖書   書目號:46752

Leader xxxxxxxxxx
001 __ PCLIS00046752
005 __  20070608094129.0008
010 0_ |a957-41-4036-9|b平裝|d新臺幣300元
100 __ |a20061023d2005    k  y0chib09      e
101 0_ |achi
102 __ |atw
105 __ |aa   z   000yy
200 1_ |a蘭陽情緣|e|f李建興著
205 __ |a初版
210 __ |a宜蘭縣三星鄉|c李建興|d民94
215 0_ |a4,189面|c彩圖,地圖,像|d21公分
225 __ |a|v
300 __ |a附錄:本書作者學經歷等三種
681 __ |a856.9|b4017|y95
700 _1 |a|b建興|c(教育)|4702 __ |a|b|4
801 _0 |atw|bNTL|c20070608|gCCR
詳細館藏(共 1 筆)
索 書 號登 錄 號冊次號館別 / 館藏地流通類型狀態加入預約清單電子資源
856.9 / 8474 2019325  圖書館 / 一樓普通區 可外借30天 在館   

| 條列資料




目錄查詢 分類查詢 個人資料 圖書薦購 新書查詢 閉館日 排行榜 更多電子資源 Hami書城 線上資料庫 登出

From : 216.73.217.87

  本日流通累計至 22:55:14 借閱 : 13 次 續借 : 0 次 歸還 : 10 次 預約 : 0 次 電子資源 : 0 次


內湖高中圖書館  PCLIS 版本  26.5.0.12